Tesoro dei novellieri italiani scelli dal decimoterzo al decimonono secolo / (Record no. 130210)

MARC details
000 -LEADER
campo de control de longitud fija 00728nam a2200205 i 4500
001 - NÚMERO DE CONTROL
campo de control 130210
003 - IDENTIFICADOR DE NÚMERO DE CONTROL
campo de control ES-MaACL
005 - FECHA Y HORA DE LA ÚLTIMA TRANSACCIÓN
campo de control 20230906193654.0
007 - CAMPO FIJO DE DESCRIPCIÓN FÍSICA--INFORMACIÓN GENERAL
campo de control de longitud fija t|
008 - DATOS DE LONGITUD FIJA--INFORMACIÓN GENERAL
campo de control de longitud fija 070723s1847 it ||||1| ita d
100 1# - ENTRADA PRINCIPAL--NOMBRE DE PERSONA
Nombre de persona Zinardini, Guiseppe.
9 (RLIN) 118284
245 10 - MENCIÓN DEL TÍTULO
Título Tesoro dei novellieri italiani scelli dal decimoterzo al decimonono secolo /
Mención de responsabilidad, etc. e publicati per cura di Giuseppe Zirardini.
260 ## - PUBLICACIÓN, DISTRIBUCIÓN, ETC.
Lugar de publicación, distribución, etc. Parigi :
Nombre del editor, distribuidor, etc. Baudry, Libreria Europea,
Fecha de publicación, distribución, etc. 1847 (
Fabricante Dalla stamperia di Crapelet)
300 ## - DESCRIPCIÓN FÍSICA
Extensión 2 v. ;
Dimensiones 21 cm.
490 1# - MENCIÓN DE SERIE
Mención de serie Biblioteca scelta ;
Designación de volumen o secuencia 15-16
650 #4 - PUNTO DE ACCESO ADICIONAL DE MATERIA--TÉRMINO DE MATERIA
Término de materia o nombre geográfico como elemento de entrada Literatura italiana-
Subdivisión general Historia y crítica.
9 (RLIN) 14631
830 0# - PUNTO DE ACCESO ADICIONAL DE SERIE-TÍTULO UNIFORME
Título uniforme Biblioteca scelta ;
Designación de volumen o secuencia 15-16
9 (RLIN) 219427
852 ## - LOCALIZACIÓN
Ubicación ES-MaACL
Número de control de estantería C-3247-8
Holdings
Estatus retirado Estado de pérdida Estado de daño No para préstamo Colección Biblioteca de origen Biblioteca actual Ubicación en estantería Fecha de adquisición Fuente de adquisición Total de préstamos Signatura topográfica completa Código de barras Visto por última vez Precio de reemplazo Tipo de ítem Koha
        Libros del s. XIX Biblioteca del Ateneo de Madrid Biblioteca del Ateneo de Madrid Sala Palomar 17/01/2008     C-3247-8 1135579 23/02/2023 23/02/2023 Libro impreso antiguo